000 00245nam a2200109Ia 4500
008 220204s9999 xx 000 0 und d
082 _a82-3
_bKAY
100 _aKaye, M M
245 0 _aTrade wind
260 _aEngland
_bPenguin
_c1981
942 _cBK
999 _c38763
_d38763